00723nam a2200205Ia 4500001000700000003000500007008004100012010001100053040000900064100003600073245014100109260004100250300001000291502007500301650001300376650004800389650003300437650002600470650002100496Z_5656CHAP220113s2008 xx 000 0 und d a168758 cCHAP aChi Caamal, Bernabé Francisco aEfectos ambientales en los corderos y efectos genéticos sobre la productividad de la oveja pelibuey /cBernabé Francisco Chi Caamal aChapingo, Méx. :bEl autor,c2008 a54 h. aTesis (Ing. Agr. Esp. en Zootecnia) -- UACH. Departamento de Zootecnia aDestete  aGanado cabríoxEfecto del medio ambiente  aGanado cabríoxGenética  aGanado cabríoxPeso aGanado pelibuey